000 01219nam a2200265Ia 4500
003 Ost
005 20260507075542.0
008 260507s9999||||xx |||||||||||||| ||und||
020 _a9774084012
040 _cfsecg
041 _aara
082 _a350
100 _aايبلر، مارك
_eمؤلف
245 0 _aأخطار الإدارة /
_c مارك ايبلر
246 _aManagement Mess-Ups
260 _aالقاهرة:
_bدار الفاروق للنشر والتوزيع,
_c2006
300 _a320 صفحة؛
_bإيضاحات ؛
_c24 سم
490 _aسلسلة مهارات الادارة الحديثة
520 _aيضم القيادة، التواصل، وجود الحافز، إدارة التغيير، تطوير شخصية المدير، القدرة على حل المشكلات، خدمة العملاء، تحقيق نتائج مثمرة في العمل، الإدارة العامة، التخطيط، ثقافة الشركة، أساسيات العمل، أكبر الأخطاء وأهمها
653 _aالإدارة
653 _aالإدارة - الأخطاء
653 _aالقيادة
700 _aالعامري، خالد
_eمؤلف ثانوي
942 _cكتاب
999 _c44873
_d44873